| 000 | 00606nam a2200205 i 4500 | ||
|---|---|---|---|
| 001 | 130134 | ||
| 003 | ES-MaACL | ||
| 005 | 20231027063022.0 | ||
| 007 | t| | ||
| 008 | 070719s1961 sp ||||1| spa d | ||
| 100 | 1 |
_aZweig, Stefan, _d1881-1942 _9118562 |
|
| 245 | 1 | 0 |
_aErasmo de Rotterdam _b: triunfo y tragedia / _cStefan Zweig. |
| 250 | _a[1ª ed.]. | ||
| 260 |
_aBarcelona : _bJuventud, _c[1961] ( _eZaragoza : _fCometa) |
||
| 300 |
_a202 p. ; _c18 cm. |
||
| 490 | 1 | _aColección Z | |
| 830 | 0 |
_aColección Z _9181242 |
|
| 852 |
_aES-MaACL _jC-20839 _bR.49056 |
||
| 999 |
_c130134 _d130134 |
||